Rodný kraj v díle Josefa Hory /

Saved in:
Bibliographic Details
Main Author: Hora, Josef, 1891-1945
Format: Book
Language:Czech
Published: Ústí nad Labem : Krajský národní výbor, 1955.
Edition:1. vydání
Physical Description: 198 strán.
Tags: Add Tag
No Tags, Be the first to tag this record!

MARC

LEADER 00000nam a22000002i 4500
001 000687708
005 20221208120359.0
008 221110s1955 xr e 000 0 cze d
020 |c Kčs 29,00  |q (brožované) 
040 |a SVKKK  |b slo  |c SVKKK  |e rda 
100 1 |a Hora, Josef,  |d 1891-1945 
245 1 0 |a Rodný kraj v díle Josefa Hory /  |c Josef Hora. 
250 |a 1. vydání 
264 1 |a Ústí nad Labem :  |b Krajský národní výbor,  |c 1955. 
300 |a 198 strán. 
336 |a text  |b txt  |2 rdacontent 
337 |a bez média  |b n  |2 rdamedia 
338 |a zväzok  |b nc  |2 rdacarrier 
500 |a Záznam revízie 
910 |a svkkk 
998 |a BK 
090 |g SCKHL  |k Sklad Pribinova 3. posch.  |a V.11659  |j 125284  |i 2720877023  |s Prezenčne 
090 |g SCKHL  |k Sklad Pribinova 3. posch.  |a V.9657  |j 111932  |i 2720919504  |4 Duplikát  |s Vyradená